00971nam a2200277 i 450000100060000000300090000600500170001500700030003200800410003502000180007608000230009408000230011708000250014010000310016524501470019626000380034330000220038160000490040360000490045260000510050165500110055270000310056370000330059470000330062785200330066082191ES-MaACL20250818173158.0t|041129s1996 sp ||||1| spa d a84-8191-094-5 a929 Salinas, Pedro a929 Diego, Gerardo a929 Guillén, Jorge1 aSalinas, Pedro,d1891-195110aCorrespondencia (1920-1983) / cPedro Salinas, Gerardo Diego, Jorge Guillén ; edición, introducción y notas: José Luis Bernal Salgado. aValencia : bPre-Textos, c[1996] a397 p. ; c19 cm.14aSalinas, Pedro,d1891-1951-vCorrespondencia14aDiego, Gerardo,d1896-1987-vCorrespondencia14aGuillén, Jorge,d1893-1984-vCorrespondencia 0aCartas1 aDiego, Gerardo,d1896-19871 aGuillén, Jorge,d1893-19841 aBernal, José Luis, d1959- aES-MaACLjL-28543 bR.134298